Design and analysis of algorithms : (Record no. 28328)
[ view plain ]
| 000 -LEADER | |
|---|---|
| fixed length control field | 01833cam a2200337 i 4500 |
| 001 - CONTROL NUMBER | |
| control field | 20813098 |
| 003 - CONTROL NUMBER IDENTIFIER | |
| control field | CSPC |
| 005 - DATE AND TIME OF LATEST TRANSACTION | |
| control field | 20241009113630.0 |
| 008 - FIXED-LENGTH DATA ELEMENTS--GENERAL INFORMATION | |
| fixed length control field | 190117t20192019enka b 001 0 eng |
| 010 ## - LIBRARY OF CONGRESS CONTROL NUMBER | |
| LC control number | 2019002080 |
| 020 ## - INTERNATIONAL STANDARD BOOK NUMBER | |
| International Standard Book Number | 9781108496827 |
| 040 ## - CATALOGING SOURCE | |
| Original cataloging agency | DLC |
| Language of cataloging | eng |
| Transcribing agency | DLC |
| Description conventions | rda |
| Modifying agency | DLC |
| -- | CSPC |
| 042 ## - AUTHENTICATION CODE | |
| Authentication code | pcc |
| 050 00 - LIBRARY OF CONGRESS CALL NUMBER | |
| Classification number | QA9.58 |
| Item number | .S454 2019 |
| 082 00 - DEWEY DECIMAL CLASSIFICATION NUMBER | |
| Classification number | 005.1 |
| Edition number | 23 |
| Item number | Se551d |
| 100 1# - MAIN ENTRY--PERSONAL NAME | |
| Personal name | Sen, Sandeep, |
| Relator term | author. |
| 245 10 - TITLE STATEMENT | |
| Title | Design and analysis of algorithms : |
| Remainder of title | a contemporary perspective / |
| Statement of responsibility, etc. | Sandeep Sen and Amit Kumar. |
| 264 #1 - PRODUCTION, PUBLICATION, DISTRIBUTION, MANUFACTURE, AND COPYRIGHT NOTICE | |
| Place of production, publication, distribution, manufacture | Cambridge ; |
| -- | New York, NY : |
| Name of producer, publisher, distributor, manufacturer | University Printing House, |
| Date of production, publication, distribution, manufacture, or copyright notice | 2019. |
| 300 ## - PHYSICAL DESCRIPTION | |
| Extent | xxvi, 367 pages : |
| Other physical details | illustrations ; |
| Dimensions | 25 cm |
| 336 ## - CONTENT TYPE | |
| Content type term | text |
| Content type code | txt |
| Source | rdacontent |
| 337 ## - MEDIA TYPE | |
| Media type term | unmediated |
| Media type code | n |
| Source | rdamedia |
| 338 ## - CARRIER TYPE | |
| Carrier type term | volume |
| Carrier type code | nc |
| Source | rdacarrier |
| 504 ## - BIBLIOGRAPHY, ETC. NOTE | |
| Bibliography, etc. note | Includes bibliographical references and index. |
| 505 0# - FORMATTED CONTENTS NOTE | |
| Formatted contents note | Model and analysis -- Basics of probability and tail inequalities -- Warm-up problems -- Optimization I: brute force and greedy strategy -- Optimization II: dynamic programming -- Searching -- Multidimensional searching and geometric algorithms -- String matching and finger printing -- Fast Fourier transform and applications -- Graph algorithms -- Maximum flow and applications -- NP completeness and approximation algorithms -- Dimensionality reduction -- Parallel algorithms -- Memory hierarchy and caching -- Streaming data model. |
| 650 #0 - SUBJECT ADDED ENTRY--TOPICAL TERM | |
| Topical term or geographic name entry element | Algorithms. |
| 700 1# - ADDED ENTRY--PERSONAL NAME | |
| Personal name | Kumar, Amit, |
| Dates associated with a name | 1976- |
| Relator term | author. |
| 906 ## - LOCAL DATA ELEMENT F, LDF (RLIN) | |
| a | 7 |
| b | cbc |
| c | orignew |
| d | 1 |
| e | ecip |
| f | 20 |
| g | y-gencatlg |
| 942 ## - ADDED ENTRY ELEMENTS (KOHA) | |
| Source of classification or shelving scheme | Dewey Decimal Classification |
| Koha item type | Books |
| Classification part | 005.1 |
| Call number prefix | GRD |
| Call number suffix | 2019 |
| Suppress in OPAC | No |
| Edition | 23 |
| Withdrawn status | Lost status | Source of classification or shelving scheme | Damaged status | Not for loan | Home library | Current library | Shelving location | Date acquired | Total Checkouts | Full call number | Barcode | Date last seen | Copy number | Price effective from | Koha item type |
|---|---|---|---|---|---|---|---|---|---|---|---|---|---|---|---|
| Dewey Decimal Classification | Main Library | Main Library | Graduate School Library | 10/07/2024 | GRD 005.1 Se551d 2019 | 028400 | 10/07/2024 | 1-1 | 10/07/2024 | Books |